| 000 | 00563nam a22001697a 4500 | ||
|---|---|---|---|
| 999 |
_c18118 _d18118 |
||
| 008 | 191205b xxu||||| |||| 00| 0 eng d | ||
| 020 | _a1855394445 | ||
| 040 |
_aKABU _cKABU |
||
| 050 |
_aLB1060 _b.P37 2009 c. 1 |
||
| 100 | _aPardoe, Diana | ||
| 245 |
_aTowards successful learning _bfurthering the development of successful learning and teaching in schools _cDiana Pardoe |
||
| 260 |
_aLondon _bContinuum International Publishing Group _c2009 |
||
| 300 | _avii, 103 p. | ||
| 650 | _aLearning | ||
| 650 | _aEffective teaching | ||
| 942 |
_2lcc _cBK _hLB1060 |
||